• 首页
  • 本馆介绍
  • 公告通知
  • 最新文献
  • 馆藏检索
  • 电子资源
  • 读者导购
  • 参考咨询
  • 我的图书馆
  • 登录
  • 详细信息显示
  • 放入我的书架
  • 预约/预借图书
  • 作者相关作品
  • 分类相关作品
  • 丛书相关作品
  • 出版社相关作品

书目信息

  • 表格格式
  • 工作单格式
  • 卡片格式
题名:
百姓租房法律自助
    
 
作者: 刘凝 , 赵梦 主编
分册:  
出版信息: 北京   北京出版社  2005.05
页数: 145页
开本: 20cm
丛书名: 公民普法系列丛书
单 册:
中图分类: D922.18
科图分类:
主题词: 法律--中国
电子资源:
ISBN: 7-200-05754-1
000 00739nam0 2200253 450
001 0850493493
005 20080105140212.55
010    @a7-200-05754-1@dCNY10.00
100    @a20080105d2005 km y0chiy0120 ea
101 0  @achi
102    @aCN@b110000
200 1  @a百姓租房法律自助@Abai xing zu fang fa lu zi zhu@f刘凝,赵梦主编@Fliu ning,zhao meng zhu bian
205    @a2版
210    @a北京@c北京出版社@d2005.05
215    @a145页@d20cm
225 2  @a公民普法系列丛书
410  0 @12001 @a公民普法系列丛书
606 0  @a法律@x中国
690    @aD922.18@v4
701  0 @a刘凝@Aliu ning@4主编
701  0 @a赵梦@Azhao meng@4主编
801  0 @aCN@b大连网信软件有限公司图书馆@c20080105
905    @aBZT@dD922.18@e3
906    @dCNY10.00@n0@r1
    
    百姓租房法律自助/刘凝,赵梦主编.-2版.-北京:北京出版社,2005.05
    145页;20cm.-(公民普法系列丛书)
    
    
    ISBN 7-200-05754-1:CNY10.00
    
●
相关链接 在五车中查询图书 在当当中查询图书 在豆瓣中查询图书


正题名:百姓租房法律自助     索取号:D922.18/3         预约/预借

序号 登录号 条形码 馆藏地/架位号 状态 备注
1 630695   2000630695   中心书库南/013架A面2层2列/ [索取号:D922.18/3] 在馆    
2 630696   2000630696   中心书库南/013架A面2层2列/ [索取号:D922.18/3] 在馆    
3 630697   2000630697   中心书库南/013架A面2层2列/ [索取号:D922.18/3] 在馆    
4 630698   2000630698   中心书库南/013架A面2层2列/ [索取号:D922.18/3] 在馆    
5 630699   2000630699   中心书库南/013架A面2层2列/ [索取号:D922.18/3] 在馆    
6 630700   2000630700   中心书库南/013架A面2层2列/ [索取号:D922.18/3] 在馆    
7 630701   2000630701   中心书库南/013架A面2层2列/ [索取号:D922.18/3] 在馆    
8 630702   2000630702   中心书库南/013架A面2层2列/ [索取号:D922.18/3] 在馆    
9 630703   2000630703   中心书库南/013架A面2层2列/ [索取号:D922.18/3] 在馆    
10 630704   2000630704   中心书库南/013架A面2层2列/ [索取号:D922.18/3] 在馆    
山东省滨州职业学院图书馆 欢迎您!
大连网信软件有限公司© 版权所有